| 000 | 01289cam a22003374a 4500 | ||
|---|---|---|---|
| 001 | 11935114 | ||
| 003 | Nust | ||
| 005 | 20211109130201.0 | ||
| 008 | 000308s2001 caua b 001 0 eng | ||
| 010 | _a 00029231 | ||
| 020 | _a0534371337 | ||
| 038 | _akhadija | ||
| 040 |
_aDLC _cDLC _dDLC |
||
| 042 | _apcc | ||
| 050 | 0 | 0 |
_aTA405 _b.G44 2001 |
| 082 | 0 | 0 |
_a624.171 GER _221 |
| 100 | 1 |
_aGere, James M. _92985 |
|
| 245 | 1 | 0 |
_aMechanics of materials / _cJames M. Gere. |
| 250 | _a5th ed. | ||
| 260 |
_aPacific Grove, CA : _bBrooks/Cole, _cc2001. |
||
| 300 |
_axviii, 926 p. : _bill. (some col.) ; _c25 cm. |
||
| 504 | _aIncludes bibliographical references and indexes. | ||
| 563 | _ahardcover | ||
| 650 | 0 |
_aStrength of materials. _9563 |
|
| 856 | 4 | 2 |
_3Contributor biographical information _uhttp://www.loc.gov/catdir/enhancements/fy1514/00029231-b.html |
| 856 | 4 | 2 |
_3Publisher description _uhttp://www.loc.gov/catdir/enhancements/fy1514/00029231-d.html |
| 856 | 4 | 1 |
_3Table of contents only _uhttp://www.loc.gov/catdir/enhancements/fy1514/00029231-t.html |
| 906 |
_a7 _bcbc _corignew _d1 _eocip _f20 _gy-gencatlg |
||
| 942 |
_2ddc _cBK |
||
| 999 |
_c173255 _d173255 |
||